Music Quiz

Random Music or Song Quiz

Name all of Orange Caramel's Songs Quiz Stats

 Plays Quiz not verified by Sporcle

Challenge
Share
Tweet
Embed
Score 0/35 Timer 18:00
0 Plays Today
Hint Answer % Correct
Lipstick
95%
Catallena Catallena
95%
Lipstick
95%
My CopycatMy Copycat
90%
The Second Mini AlbumA-ing
82.5%
A-ing
82.5%
Orange CaramelA-ing
82.5%
Shanghai Romance
80%
Shanghai Romance
80%
The First Mini AlbumMagic Girl
75%
Magic Girl
75%
Magic Girl
75%
Bangkok City
65%
Bangkok City
65%
The Gangnam Avenue
62.5%
So Sorry
55%
Milkshake
52.5%
LipstickBubble Bath
45%
Hint Answer % Correct
Superwoman
37.5%
Not Yet
32.5%
Not Yet
32.5%
One Love
30%
One Love
30%
Clara's Dream
27.5%
Cry
27.5%
Cookies, Cream & Mint
27.5%
Close Your Eyes
25%
Shanghai Romance - SingleThe Day You Went Away
22.5%
Love Does Not Wait
15%
Love Does Not Wait
15%
The Angel's Wink
15%
Lamu no Love Song
12.5%
Red Shoes
12.5%
Standing Here
5%
My Sweetest Devil
5%

You're not logged in!

Compare scores with friends on all Sporcle quizzes.
Join for Free
OR
Log In

You Might Also Like...

Show Comments

Extras

Created Jun 23, 2015ReportNominate
Tags:Song Quiz, caramel, orange

Top Quizzes Today


Score Distribution

Your Account Isn't Verified!

In order to create a playlist on Sporcle, you need to verify the email address you used during registration. Go to your Sporcle Settings to finish the process.

Report this User

Report this user for behavior that violates our Community Guidelines.

Details: